000 01686nam0a2200349 4500
001 RU\NLR\bibl\1746605
005 20260406015924.0
010 _a978-5-7829-0289-6
_970
021 _aRU
_b2011-11928
_9850
035 _a(nilc)RSL-KNO-004895532
035 _a(NLR Aleph) 001737499
090 _a1438364
_c1438364
100 _a20110228d2010 |||y0rusy50 ca
101 0 _arus
102 _aRU
105 _aa |||||||||
200 1 _aОсновные принципы создания и внедрения АСУ на транспорте
_eучебное пособие
_fН.В. Белоброва, Р.В. Николаева
_gМ-во образования и науки Рос. Федерации, Казан. гос. архит.-строит. ун-т
210 _aКазань
_cКазанский государственный архитектурно-строительный университет
_d2010
215 _a101 с.
_cил.
_d21
320 _aБиблиогр.: с. 99 (3 назв.)
606 1 _aАвтомобильный транспорт
_jУчебные издания для высших учебных заведений
_xАСУ
_9905199
_3RU\NLR\auth\669812
686 _aО375я73-1
_2rubbk
686 _aУ37(2)33-212.53я73
700 1 _aБелоброва
_bН. В.
_gНинель Васильевна
_4070
701 1 _4070
_8rus
_7ca
_aНиколаева
_bР. В.
_cканд. техн. наук
_gРегина Владимировна
_3RU\NLR\auth\77121398
_9104323
801 0 _aRU
_bRuMoRKP
_c20110228
_grcr
801 1 _aRU
_bRuMoRGB
_c20110228
801 2 _aRU
_bNLR
_c20110315
_grcr
942 _cBOOK
980 _aNB
980 _aNBR